| 000 | nam a22 a 4500 | ||
|---|---|---|---|
| 999 |
_c424169 _d424169 |
||
| 003 | BLK | ||
| 005 | 20210716150643.0 | ||
| 008 | 210716b bu |||||r|||| 00| | bu d | ||
| 040 | _aBLK | ||
| 041 |
_aBUL _cBUL |
||
| 072 |
_9178367 _aЦ _xРедки и ценни |
||
| 080 |
_aБългарска литература _b821.163.2 _x-4 _z821.163.2-4 |
||
| 100 |
_91299 _aТодоров, Петко Юрданов _eпърви автор |
||
| 139 | _aТодоров, Петко Юрданов | ||
| 245 |
_aКонкурс _bИз " Очерки и картинки" _cП. Ю. Тодоров |
||
| 260 |
_9214511 _aВарна _bЛ. Нитче _c1898 |
||
| 300 |
_a30 с. _c19 см |
||
| 380 | _aX | ||
| 490 |
_9460074 _aБиблиотека Братска помощ _v1 |
||
| 490 |
_9435080 _aКолекция Редки и ценни издания |
||
| 659 | 7 |
_9178164 _aЦ _xРедки и ценни |
|
| 852 |
_aРб 898 _bРц |
||
| 942 |
_cKNG _n0 _s1 |
||
| 944 |
_aCR _c2021-07-16 _kА.М. |
||
| 999 | _d424169 | ||